• 首页
  • 本馆介绍
  • 公告通知
  • 最新文献
  • 馆藏检索
  • 电子资源
  • 读者导购
  • 参考咨询
  • 我的图书馆
  • 登录
  • 详细信息显示
  • 放入我的书架
  • 预约/预借图书
  • 作者相关作品
  • 分类相关作品
  • 丛书相关作品
  • 出版社相关作品

书目信息

  • 表格格式
  • 工作单格式
  • 卡片格式
题名:
人才心理学
    
 
作者: 刘海燕 著
分册:  
出版信息: 开封   河南大学出版社  1998
页数: 249页
开本: 20cm
丛书名: 现代应用心理学丛书
单 册:
中图分类: C960 , B849
科图分类:
主题词: 人才心理学 , 应用心理学
电子资源:
ISBN: 7-81041-405-4
000 00664nam2 2200253 450
001 1537480213
005 20150125102456.89
010    @a7-81041-405-4@dCNY13.00
100    @a20021005d1998 em y0chiy0110 ea
101 0  @achi
102    @aCN@b410000
105    @ay z 000yy
200 1  @a人才心理学@9ren cai xin li xue@f刘海燕著
210    @a开封@c河南大学出版社@d1998
215    @a249页@d20cm
225 2  @a现代应用心理学丛书
461  0 @12001 @a现代应用心理学丛书
606 0  @a人才心理学
606 0  @a应用心理学
690    @aC960@v5
690    @aB849@v4
701  0 @a刘海燕@9liu hai yan@4著
801  0 @aCN@bTSSF@c20150125
905    @aZUCC@dB849@eJY17
    
    人才心理学/刘海燕著.-开封:河南大学出版社,1998
    249页;20cm.-(现代应用心理学丛书)
    
    
    ISBN 7-81041-405-4:CNY13.00
    
●
相关链接 在E读中查询图书 在五车中查询图书 在当当中查询图书 在豆瓣中查询图书


正题名:人才心理学     索取号:B849/JY17         预约/预借

序号 登录号 条形码 馆藏地/架位号 状态 备注
1 7846095   278460951   学院路分馆/ [索取号:B849/JY17] 在馆    
唐山师范学院图书馆 欢迎您!
大连网信软件有限公司© 版权所有